Word Ladder: 2001 Film Quiz Stats

 Plays Quiz Updated Jun 4, 2012

Support Sporcle.
Go Orange.
Score 0/16 Timer 02:00
0 Plays Today
Clue Answer % Correct
'Rolling in the ____' (Adele)DEEP
95.9%
High school dancePROM
95%
'____ tread on me'DON'T
94.3%
FinishedDONE
93.9%
Johnny ____, star of [1st rung] + [last rung]DEPP
93.9%
Object for an actor's usePROP
92.4%
Marshmallow Easter candyPEEP
91.4%
Get-ready workPREP
90.3%
Clue Answer % Correct
Result of a collisionDENT
83.9%
Alice's entrance into WonderlandHOLE
82.6%
Division of the US executive branch (abbr.)DEPT
81.9%
Sharpen on a whetstoneHONE
80.7%
With last rung, 2001 film about Jack the RipperFROM
51.8%
Place to steer a shipHELM
45.9%
With first rung, 2001 film about Jack the RipperHELL
45.5%
Ian ____, star of [1st rung] + [last rung]HOLM
44.8%

Today's Daily Dose

Missing Word
'80s Musicals

Word Ladder
Hereditary

Get the Picture
Food Names

From the Vault

Headless Video Game Characters

by Cutthroat

Gaming 3m
Not including Mortal Kombat fatalities.
Remove Ads.
Support Sporcle.
Get the best of Sporcle when you Go Orange. This ad-free experience offers more features, more stats, and more fun while also helping to support Sporcle. Thank you for becoming a member.

Show Comments

Extras

Top Quizzes Today


Score Distribution

Your Account Isn't Verified!

In order to create a playlist on Sporcle, you need to verify the email address you used during registration. Go to your Sporcle Settings to finish the process.

Report this User

Report this user for behavior that violates our Community Guidelines.

Details: